| 000 | 00722nam a22001937a 4500 | ||
|---|---|---|---|
| 003 | OSt | ||
| 005 | 20260424030956.0 | ||
| 008 | 260424b |||||||| |||| 00| 0 eng d | ||
| 020 | _a971-117-075-2 | ||
| 040 |
_aOC _cDWC-Main Lib |
||
| 082 | _aFil. 306.85 In8f 1990 | ||
| 245 |
_aFamily : _bthe seat of education / Institute for Development Education, Center for Research and Communication |
||
| 260 |
_aManila : _bSinag-Tala Pub., _cc1990. |
||
| 300 |
_a176 pages : _b illustration ; _c24 cm. |
||
| 490 | _a(Book 2: Values Education series - Second Year High School) | ||
| 650 | _a1. Family life. | ||
| 650 | _a2. Family. | ||
| 942 |
_2ddc _cBK - FIL _hFil. 306.85 In8f 1990 _kFil. _n0 |
||
| 999 |
_c9836 _d9836 |
||